|
|
|
|
| LEADER |
00000nam0a2200000 4500 |
| 001 |
4854 |
| 005 |
20231030175255.0 |
| 010 |
|
|
|a 5868941640
|
| 035 |
|
|
|a (RuTPU)RU\TPU\book\4879
|
| 035 |
|
|
|a BOOK00004906
|
| 090 |
|
|
|a 4854
|
| 100 |
|
|
|a 20011209d1997 m y0rusy50 ca
|
| 101 |
0 |
|
|a rus
|
| 102 |
|
|
|a RU
|
| 105 |
|
|
|a y j 001zy
|
| 200 |
1 |
|
|a Магистерская диссертация. Методика написания, правила оформления и порядок защиты
|e практическое пособие для студентов-магистрантов
|f Ф. А. Кузин
|
| 210 |
|
|
|a Москва
|c Ось-89
|d 1997
|
| 215 |
|
|
|a 304 с.
|
| 318 |
|
|
|5 63413507
|a От аспиранта к профессору
|b выставка
|
| 320 |
|
|
|a Библиогр. в конце кн.
|
| 330 |
|
|
|a Пособие представляет несомненный интерес для тех, кто делает только первые шаги в научной работе и впервые знакомится с основами научного творчества. В нем сделана попытка рассмотреть весь процесс подготовки магистерской диссертации от выбора темы этой выпускной квалификационной работы до ее публичной защиты. Начинающий ученый найдет здесь ответы на большинство вопросов, которые возникают в процессе написания и оформления научных произведений. В книге приведено большое количество практических приемов, позволяющих существенно повысить эффективность научного труда. Все рекомендации и методические указания изложены в соответствии с нормативными актами, регламентирующими магистерскую подготовку в системе многоуровневого высшего образования Российской Федерации, а также с учетом стандартов и инструкций, определяющих правила оформления научных работ, направляемых в печать. Пособие предназначено студентам-магистрантам, их научным руководителям, а также всем тем, кто хочет повысить культуру своей научной работы.
|
| 610 |
1 |
|
|a научные работы
|
| 610 |
1 |
|
|a магистерская диссертация
|
| 610 |
1 |
|
|a написание
|
| 610 |
1 |
|
|a оформление
|
| 610 |
1 |
|
|a защита
|
| 610 |
1 |
|
|a практические пособия
|
| 610 |
1 |
|
|a учебно-методические пособия
|
| 686 |
|
|
|a Ч215.7
|v LBC/SL-A
|2 rubbk
|
| 700 |
|
1 |
|a Кузин
|b Ф. А.
|g Феликс Алексеевич
|
| 801 |
|
0 |
|a RU
|b 63413507
|c 20011209
|g PSBO
|
| 801 |
|
2 |
|a RU
|b 63413507
|c 20110226
|g PSBO
|
| 942 |
|
|
|c BK
|